书目信息 |
| 题名: |
宏观经济学
|
|
| 作者: | 布兰查德 著 ;钟笑寒 译 | |
| 分册: | ||
| 出版信息: | 北京 清华大学出版社 2003.01 |
|
| 页数: | 781页 | |
| 开本: | 26cm | |
| 丛书名: | ||
| 单 册: | ||
| 中图分类: | F015 | |
| 科图分类: | ||
| 主题词: | 政治经济学--概论 | |
| 电子资源: | ||
| ISBN: | 7-302-05784-2 | |
| 000 | 00625nam0 2200205 45 | |
| 001 | 0436731200 | |
| 005 | 2004042910121010 | |
| 010 | @a7-302-05784-2@dCNY 78.00 | |
| 100 | @a20040429d2003 km y0chiy0120 ea | |
| 101 | 0 | @achi |
| 102 | @aCN@b110000 | |
| 200 | 1 | @a宏观经济学@AHong Guan Jing Ji Xue@f(美)布兰查德著@F(Mei)Bu Lan Cha De Zhu@g钟笑寒等译@GZhong Xiao Han Deng Yi |
| 210 | @a北京@c清华大学出版社@d2003.01 | |
| 215 | @a781页@d26cm | |
| 606 | 0 | @a政治经济学@x概论 |
| 690 | @aF015@v3 | |
| 701 | 0 | @a布兰查德@ABu Lan Cha De@4著 |
| 702 | 0 | @a钟笑寒@AZhong Xiao Han@4译 |
| 801 | 0 | @aCN@bPFT@c20040429 |
| 905 | @dF015@eB9821 | |
| 宏观经济学/(美)布兰查德著/钟笑寒等译.-北京:清华大学出版社,2003.01 |
| 781页;26cm |
| ISBN 7-302-05784-2:CNY 78.00 |
| ● |
| 相关链接 |
|
|
|
正题名:宏观经济学
索取号:F015/B9821
 
预约/预借
| 序号 | 登录号 | 条形码 | 馆藏地/架位号 | 状态 | 备注 |
| 1 | 382039 | 203820393 | 社科二线422/409社科库 62排3列5层/ [索取号:F015/B9821] | 在馆 | |
| 2 | 382040 | 203820400 | 社科库409/400B社科库 3排1列4层/ [索取号:F015/B9821] | 在馆 | |
| 3 | 382041 | 203820419 | 社科库409/400B社科库 3排1列4层/ [索取号:F015/B9821] | 在馆 |